Defining The Boundaries Of Disability (Record no. 566140)

MARC details
000 -LEADER
fixed length control field 00549nam a2200193Ia 4500
008 - FIXED-LENGTH DATA ELEMENTS--GENERAL INFORMATION
fixed length control field 241212s9999 xx 000 0 und d
020 ## - INTERNATIONAL STANDARD BOOK NUMBER
ISBN 9780367684167
Paper back/Hardbound pbk
041 ## - LANGUAGE CODE
Language code of text/sound track or separate title eng
082 ## - DEWEY DECIMAL CLASSIFICATION NUMBER
Classification number 362.409 CAR
100 ## - MAIN ENTRY--AUTHOR NAME
Personal name Carlson, Licia
245 #0 - TITLE STATEMENT
Title Defining The Boundaries Of Disability
Statement of responsibility, etc / Licia Carlson, Matthew C. Murray
250 ## - EDITION STATEMENT
Edition statement First edition
260 ## - PUBLICATION, DISTRIBUTION, ETC. (IMPRINT)
Name of publisher Routledge;
Year of publication 2021.
Place of publication New York:
300 ## - PHYSICAL DESCRIPTION
Number of Pages ix; 144p.
Dimensions 22cm.
504 ## - BIBLIOGRAPHY, ETC. NOTE
Bibliography, etc Includes index
650 ## - SUBJECT ADDED ENTRY--TOPICAL TERM
Topical Term Social welfare problems & services
942 ## - ADDED ENTRY ELEMENTS (KOHA)
Koha item type English Books
Holdings
Withdrawn status Lost status Damaged status Not for loan Home library Current library Shelving location Date acquired Full call number Accession Number Price effective from Koha item type
        Anna Centenary Library Anna Centenary Library 4TH FLOOR, A WING 01.10.2024 362.409 CAR 698547 01.10.2024 English Books

Find us on the map